Экономикс: принципы, проблемы и политика.: пер. с англ.; учебник

Bibliographische Detailangaben
1. Verfasser: Макконнелл (Макконелл) К. Кэмпбелл (Кемпбелл)
Weitere Verfasser: Брю С. Л. Стэнли
Zusammenfassung:Один из наиболее популярных в американских колледжах и университетах учебник, выдержавший 16 изданий, был первым подобным изданием, переведенным и напечатанным в России в 1992 г. В большинстве российских экономических вузов он используется в учебном процессе как базовый учебник, рекомендован в этом качестве Министерством образования РФ для студентов вузов, обучающихся по экономическим специальностям. Учебник посвящен важнейшим проблемам экономикс: макро- и микроэкономике, национальному доходу, занятости, кредитно-финансовой и налоговой политике, мировому хозяйству и др. Данная книга является переводом последнего, 16-го издания, значительно дополненного и принципиально переработанного по сравнению с предыдущим. Для студентов экономических вузов и всех интересующихся проблемами современной рыночной экономики.
Sprache:Russisch
Veröffentlicht: Москва, Инфра-М, 2007
Ausgabe:16-е изд.
Schlagworte:
Format: MixedMaterials Buch
KOHA link:https://koha.lib.tpu.ru/cgi-bin/koha/opac-detail.pl?biblionumber=110934

MARC

LEADER 00000nam0a2200000 4500
001 110934
005 20231101214949.0
010 |a 5160024689 
035 |a (RuTPU)RU\TPU\book\119799 
035 |a RU\TPU\book\108581 
090 |a 110934 
100 |a 20070305d2007 m y0rusy50 ca 
101 1 |a rus  |c eng 
102 |a RU 
105 |a a j 001zy 
200 1 |a Экономикс: принципы, проблемы и политика.   |e пер. с англ.  |e учебник  |f К. Р. Макконнелл, С. Л. Брю 
205 |a 16-е изд. 
210 |a Москва  |c Инфра-М  |d 2007 
215 |a 940 с.  |c ил. 
320 |a Глоссарий: с. 900-939. 
330 |a Один из наиболее популярных в американских колледжах и университетах учебник, выдержавший 16 изданий, был первым подобным изданием, переведенным и напечатанным в России в 1992 г. В большинстве российских экономических вузов он используется в учебном процессе как базовый учебник, рекомендован в этом качестве Министерством образования РФ для студентов вузов, обучающихся по экономическим специальностям. Учебник посвящен важнейшим проблемам экономикс: макро- и микроэкономике, национальному доходу, занятости, кредитно-финансовой и налоговой политике, мировому хозяйству и др. Данная книга является переводом последнего, 16-го издания, значительно дополненного и принципиально переработанного по сравнению с предыдущим. Для студентов экономических вузов и всех интересующихся проблемами современной рыночной экономики. 
451 1 |0 (RuTPU)RU\TPU\book\108581  |y 5-16-002468-9  |t Экономикс: принципы, проблемы и политика.   |o пер. с англ.  |o учебник  |f К. Р. Макконнелл, С. Л. Брю  |e 16-е изд.  |c М.  |n Инфра-М  |d 2006  |p 940 с.  |a Макконнелл (Макконелл), Кэмпбелл (Кемпбелл) 
451 1 |0 (RuTPU)RU\TPU\book\181070  |y 978-5-16-003470-6  |t Экономикс: принципы, проблемы и политика.   |o пер. с англ.  |o учебник  |f К. Р. Макконнелл, С. Л. Брю  |c М.  |n Инфра-М  |d 2009  |p 944 с.  |a Макконнелл (Макконелл), Кэмпбелл (Кемпбелл) 
610 1 |a экономика 
610 1 |a экономикс 
610 1 |a экономическая теория 
610 1 |a производство 
610 1 |a производственные возможности 
610 1 |a кругооборот 
610 1 |a потребление 
610 1 |a сбережения 
610 1 |a кривые спроса 
610 1 |a инвестиции 
610 1 |a ВВП 
610 1 |a экономическое равновесие 
610 1 |a деньги 
610 1 |a денежный рынок 
610 1 |a кредитно-денежная политика 
610 1 |a уровень цен 
610 1 |a совокупная полезность 
610 1 |a предельная полезность 
610 1 |a закон убывающей отдачи 
610 1 |a издержки 
610 1 |a прибыль 
610 1 |a фирмы 
610 1 |a спрос 
610 1 |a конкуренция 
610 1 |a труд 
610 1 |a торговля 
610 1 |a валютные рынки 
610 1 |a учебники 
686 |a У011я73  |v LBC/SL-A  |2 rubbk 
700 1 |a Макконнелл (Макконелл)  |b К.  |c американский экономист  |g Кэмпбелл (Кемпбелл)  |2 stltpush  |3 (RuTPU)RU\TPU\pers\21682  |9 9126 
701 1 |a Брю  |b С. Л.  |g Стэнли 
801 1 |a RU  |b 63413507  |c 20060829  |g PSBO 
801 2 |a RU  |b 63413507  |c 20150508  |g PSBO 
942 |c BK 
959 |a 3/20070122  |d 3  |e 499,90  |f ЧЗГЛ:1  |f АНЛ:2 
959 |a 53/20070904  |d 1  |e 499,90  |f АНЛ:1